| 000 | 00711cam a2200205 a 4500 | ||
|---|---|---|---|
| 020 | _a2920021745 | ||
| 040 | _cDLC | ||
| 082 | _a307 AUP 1997 A010 Or. | ||
| 110 | 2 | _aUREF. | |
| 245 | 1 | 0 |
_aTélédétection des milieux urbains et périurbains : _bsixièmes Journées scientifiques du "Réseau Télédétection" de l'AUPELF-UREF, Liège, 2-5 octobre 1995 / |
| 260 |
_aMontréal, Québec, Canada : _bAUPELF-UREF, _c1997. |
||
| 300 |
_axxiv, 361 p. : _bill. (some col.), maps ; _c25 cm. |
||
| 650 | 0 | _aCity planning | |
| 650 | 0 | _aLand use, Urban | |
| 650 | 0 | _aCities and towns | |
| 650 | 0 | _aArtificial satellites in remote sensing | |
| 650 | 0 | _aRemote sensing | |
| 700 | 1 | _aDubois, Jean M. M., | |
| 942 | _cFB | ||
| 999 |
_c13610 _d13610 |
||